Library of the University of Algiers 3
Ibrahim Sultan Cheibout
شعار جامعة الجزائر 3
مكتبة جامعة الجزائر 3
إبراهيم سلطان شيبوط

النظام القانوني لعقد القرض العام : (رقم التسجيلة. 42663)

تفاصيل مارك
000 -LEADER
fixed length control field 01295nam a2200241Ia 4500
003 - CONTROL NUMBER IDENTIFIER
control field Ost
005 - DATE AND TIME OF LATEST TRANSACTION
control field 20260507075052.0
008 - FIXED-LENGTH DATA ELEMENTS--GENERAL INFORMATION
fixed length control field 260507s9999||||xx |||||||||||||| ||und||
040 ## - CATALOGING SOURCE
Transcribing agency fsecg
041 ## - LANGUAGE CODE
Language code of text/sound track or separate title ara
082 ## - DEWEY DECIMAL CLASSIFICATION NUMBER
Classification number 343.03
100 ## - MAIN ENTRY--PERSONAL NAME
Personal name الذنيبات، محمد جمال مطلق
Relator term مؤلف
245 #0 - TITLE STATEMENT
Title النظام القانوني لعقد القرض العام :
Remainder of title دراسة مقارنة /
Statement of responsibility, etc. محمد جمال مطلق الذنيبات
260 ## - PUBLICATION, DISTRIBUTION, ETC.
Place of publication, distribution, etc. عمان:
Name of publisher, distributor, etc. الدار العلمية الدولية للنشر والتوزيع ودار الثقافة,
Date of publication, distribution, etc. 2003
300 ## - PHYSICAL DESCRIPTION
Extent 294 صفحة؛
Other physical details إيضاحات ؛
Dimensions 24 سم
490 ## - SERIES STATEMENT
Series statement الرسائل القانونية
Volume/sequential designation 493
504 ## - BIBLIOGRAPHY, ETC. NOTE
Bibliography, etc. note المراجع ص.285
520 ## - SUMMARY, ETC.
Summary, etc. تعريف عقد القرض العام وتمييزه عن صور الدين الأخرى، الجوانب الأساسية في التنظيم الفني للقروض العام، الأحكام العامة لعقد القرض العام، النظام القانوني لعقد القرض الخارجي، النظام القانوني لعقد القرض العام في القانون الأردني والقانون المقارن
653 ## - INDEX TERM--UNCONTROLLED
Uncontrolled term الأردن
653 ## - INDEX TERM--UNCONTROLLED
Uncontrolled term القانون
653 ## - INDEX TERM--UNCONTROLLED
Uncontrolled term القروض
942 ## - ADDED ENTRY ELEMENTS (KOHA)
Koha item type كتب
المقتنيات
Withdrawn status Lost status Source of classification or shelving scheme Damaged status Not for loan Home library Current library Date acquired Serial enumeration / chronology Inventory number Total checkouts Full call number Barcode Date last seen Price effective from Koha item type
    Dewey Decimal Classification   NOT LOAN / إعارة داخلية مكتبة كلية العلوم الإقتصادية والعلوم التجارية وعلوم التسيير مكتبة كلية العلوم الإقتصادية والعلوم التجارية وعلوم التسيير 07/05/2026 الطابق الأرضي 657/1   أ/657ن1 657/1 07/05/2026 07/05/2026 كتب

موارد الويب المفتوحة


© University of Algiers 3 All Rights Reserved
|
Implemented by LECHELAH Riad